|
|
|
|
| LEADER |
00000nam a2200000 4500 |
| 003 |
SK-BrCVT |
| 005 |
20220618105002.0 |
| 006 |
m####e######000#0# |
| 007 |
ta |
| 008 |
160418s###############e######000#0#slo#d |
| 020 |
|
|
|a 9781446213483
|
| 035 |
|
|
|a CVTIDW02036
|
| 040 |
|
|
|a CVTISR
|b slo
|e AACR2
|
| 080 |
|
|
|a 616-001
|
| 245 |
1 |
|
|a Counselling for Post-traumatic Stress Disorder
|c Michael J. Scott, Stephen G. Stradling
|h [elektronický zdroj]
|
| 260 |
|
|
|a
|b SAGE,
|c 2012
|
| 653 |
1 |
|
|a abuse
|a cognitive therapy
|a post-traumatic stress disorder
|
| 856 |
4 |
|
|u http://ezproxy.cvtisr.sk/login.php?url=http://ezproxy.cvtisr.sk:4902/books/counselling-for-post-traumatic-stress-disorder-3e
|
| 910 |
|
|
|b ZE01382
|
| 919 |
|
|
|a 9781446213483
|
| 974 |
|
|
|a gabriela.miklankova
|f Elektronické zdroje
|
| 999 |
|
|
|c 254921
|d 254921
|